[Event "Open A"]
[Site "Kowalewo Pomorskie"]
[Date "2009.07.08"]
[Round "6.7"]
[White "Budrewicz, Krzysztof"]
[Black "Banasik, Krzysztof"]
[Result "1/2-1/2"]
[WhiteElo "2374"]
[BlackElo "2300"]
[PlyCount "68"]
[EventDate "2009.??.??"]

1. d4 Nf6 2. c4 e6 3. Nf3 d5 4. Nc3 Be7 5. Bf4 c6 6. e3 O-O 7. Qc2 Nbd7 8. Rd1
Qa5 9. Bd3 dxc4 10. Bxc4 Nd5 11. O-O Nxf4 12. exf4 Nf6 13. Rfe1 Bb4 14. Re5 Qc7
15. g3 a6 16. a3 Bd6 17. Ree1 c5 18. d5 b5 19. Ba2 c4 20. dxe6 Bxe6 21. Ng5
Rae8 22. Bb1 g6 23. Nxe6 fxe6 24. Ne4 Nxe4 25. Rxe4 Re7 26. Rde1 e5 27. Qe2
Rfe8 28. fxe5 Rxe5 29. h4 Qc5 30. h5 Rxe4 31. Bxe4 Rf8 32. Kg2 Qxh5 33. Bf3 Qf5
34. Qe6+ Qxe6 1/2-1/2

[Event "Open A"]
[Site "Kowalewo Pomorskie"]
[Date "2009.07.08"]
[Round "6.8"]
[White "Choroszej, Aleksander"]
[Black "Kuchnio, Przemyslaw"]
[Result "0-1"]
[WhiteElo "2067"]
[BlackElo "2093"]
[PlyCount "62"]
[EventDate "2009.??.??"]

1. d4 d5 2. c4 e5 3. dxe5 d4 4. Nf3 Nc6 5. Nbd2 f6 6. exf6 Qxf6 7. Nb3 Bg4 8.
a3 Bxf3 9. gxf3 O-O-O 10. Rg1 h6 11. Qd3 Ne5 12. Bh3+ Kb8 13. Qf5 d3 14. f4
dxe2 15. Qxf6 Nf3+ 16. Kxe2 Nxg1+ 17. Ke3 Nxf6 18. Bf5 Re8+ 19. Kd3 Ne2 20. Be3
Bd6 21. Kxe2 Bxf4 22. Kf3 Bxh2 23. Rh1 Be5 24. Nd4 Bxd4 25. Bxd4 Ref8 26. Ke2
g5 27. Kd3 h5 28. Re1 h4 29. Re6 h3 30. Bxf6 h2 31. Be4 Rh6 0-1

[Event "Open A"]
[Site "Kowalewo Pomorskie"]
[Date "2009.07.08"]
[Round "6.9"]
[White "Flazinski, Jozef"]
[Black "Jaroch, Karol"]
[Result "0-1"]
[WhiteElo "2009"]
[BlackElo "2243"]
[PlyCount "47"]
[EventDate "2009.??.??"]

1. e4 d5 2. exd5 Qxd5 3. Nc3 Qd6 4. d4 Nf6 5. Bc4 a6 6. Nf3 b5 7. Bd3 Bb7 8.
Qe2 Nbd7 9. Ne4 Qc6 10. Nxf6+ gxf6 11. Bf4 Nb6 12. c4 bxc4 13. Bc2 Rg8 14. Bg3
h5 15. O-O Rg4 16. Rad1 Rd8 17. d5 Nxd5 18. Be4 Qe6 19. Rfe1 f5 20. Bxd5 Qxe2
21. Rxe2 Rxd5 22. Rxd5 Bxd5 23. Bxc7 Bxf3 24. Bg3 0-1

[Event "Open A"]
[Site "Kowalewo Pomorskie"]
[Date "2009.07.08"]
[Round "6.10"]
[White "Sankiewicz, Grzegorz"]
[Black "Klugiewicz, Jozef"]
[Result "1/2-1/2"]
[WhiteElo "1944"]
[BlackElo "1977"]
[PlyCount "69"]
[EventDate "2009.??.??"]

1. d4 Nf6 2. Nf3 d6 3. g3 Nbd7 4. Bg2 c6 5. O-O e5 6. c4 Be7 7. Nc3 O-O 8. e4
a6 9. a4 a5 10. h3 Re8 11. Be3 Bf8 12. d5 Qc7 13. Rc1 Nc5 14. Ne1 Qe7 15. Nd3
Nfd7 16. Nxc5 Nxc5 17. Bxc5 dxc5 18. Qd2 g6 19. Rcd1 Rd8 20. Kh2 g5 21. g4 Qf6
22. Ne2 h5 23. f3 Qh6 24. Kg1 h4 25. Qc3 Bd6 26. Nc1 Qf8 27. Nd3 Qe7 28. Rf2
cxd5 29. cxd5 Bd7 30. Ra1 b5 31. axb5 Bxb5 32. Rc2 c4 33. Nf2 Bb4 34. Qe3 Bc5
35. Qd2 1/2-1/2

[Event "Open A"]
[Site "Kowalewo Pomorskie"]
[Date "2009.07.08"]
[Round "6.11"]
[White "Bernacki, Krzysztof"]
[Black "Kaczmarek, Piotr"]
[Result "1-0"]
[WhiteElo "2074"]
[BlackElo "1897"]
[PlyCount "103"]
[EventDate "2009.??.??"]

1. e4 c5 2. Nf3 Nc6 3. d4 cxd4 4. Nxd4 Nf6 5. Nc3 e6 6. Ndb5 Bb4 7. a3 Bxc3+ 8.
Nxc3 d5 9. exd5 exd5 10. Bd3 O-O 11. O-O d4 12. Ne2 Bg4 13. f3 Bh5 14. Nf4 Bg6
15. Nxg6 hxg6 16. f4 Nd5 17. f5 gxf5 18. Rxf5 Ne3 19. Bxe3 dxe3 20. Qg4 Qd4 21.
Qg3 e2+ 22. Kh1 Rfe8 23. Rg5 Re6 24. Re1 Rae8 25. Rg4 Qf6 26. Rf4 Qh6 27. Bc4
Rf6 28. Rxf6 Qxf6 29. Qf3 Qxf3 30. gxf3 Nd4 31. c3 Nxf3 32. Rxe2 Rxe2 33. Bxe2
Ne5 34. Bf1 f6 35. Bg2 b6 36. Bd5+ Kf8 37. Kg2 Ke7 38. Kg3 Kd6 39. Bg8 g6 40.
h4 a6 41. b3 Kc5 42. Bh7 Kd5 43. Kf4 Nd3+ 44. Ke3 Ne5 45. c4+ Kc5 46. Ke4 a5
47. Bxg6 Nxg6 48. h5 Ne7 49. h6 Kd6 50. h7 f5+ 51. Kf4 Ke6 52. Kg5 1-0

[Event " Open A"]
[Site "Kowalewo Pomorskie"]
[Date "2009.07.08"]
[Round "7.1"]
[White "Grabarczyk, Miroslaw"]
[Black "Brodowski, Piotr"]
[Result "1/2-1/2"]
[WhiteElo "2480"]
[BlackElo "2397"]
[PlyCount "58"]
[EventDate "2009.??.??"]

1. d4 c5 2. d5 d6 3. c4 e5 4. Nc3 Be7 5. e4 Bg5 6. Bxg5 Qxg5 7. Qa4+ Kf8 8. Nf3
Qd8 9. g3 Ne7 10. Bg2 g6 11. h4 h6 12. Nd2 Kg7 13. Qc2 a6 14. a4 Nd7 15. h5 Nf6
16. hxg6 fxg6 17. Qd3 Rf8 18. a5 Bd7 19. Qe2 Rf7 20. Kd1 Qc7 21. Kc2 Raf8 22.
Rhf1 Nh5 23. Nd1 Qc8 24. Ne3 Bh3 25. Bxh3 Qxh3 26. Ng4 Nf6 27. Ne3 Nh5 28. Ng4
Nf6 29. Ne3 Nh5 1/2-1/2

[Event " Open A"]
[Site "Kowalewo Pomorskie"]
[Date "2009.07.08"]
[Round "7.2"]
[White "Borgula, Rafal"]
[Black "Plichta, Kamil"]
[Result "1-0"]
[WhiteElo "2283"]
[BlackElo "2039"]
[PlyCount "73"]
[EventDate "2009.??.??"]

1. d4 Nf6 2. c4 g6 3. Nf3 Bg7 4. g3 d6 5. Bg2 O-O 6. O-O Nc6 7. Nc3 Bf5 8. Ne1
e5 9. d5 Ne7 10. e4 Bg4 11. Qb3 Bc8 12. Nd3 Nd7 13. Bd2 f5 14. f3 Kh8 15. Rae1
c5 16. dxc6 bxc6 17. f4 Rb8 18. Qc2 d5 19. exd5 e4 20. d6 Ng8 21. Ne5 Nxe5 22.
fxe5 Bxe5 23. c5 Ba6 24. Rf2 Nf6 25. Nd1 Nd5 26. Bh6 Re8 27. Qd2 Nb4 28. Bxe4
fxe4 29. d7 Rg8 30. Rxe4 Rb7 31. Rxe5 Rxd7 32. Qxb4 Rxd1+ 33. Re1 Qd3 34. Rxd1
Qxd1+ 35. Kg2 Qd3 36. Qf4 Qd5+ 37. Rf3 1-0

[Event " Open A"]
[Site "Kowalewo Pomorskie"]
[Date "2009.07.08"]
[Round "7.3"]
[White "Mikrut, Dariusz"]
[Black "Rutkowski, Maciej"]
[Result "1/2-1/2"]
[WhiteElo "2400"]
[BlackElo "2336"]
[PlyCount "57"]
[EventDate "2009.??.??"]

1. d4 d5 2. c4 c6 3. Nf3 Nf6 4. Nc3 a6 5. a4 e6 6. Bg5 Be7 7. e3 O-O 8. Bd3 h6
9. Bh4 c5 10. Qe2 cxd4 11. exd4 Nc6 12. Rd1 dxc4 13. Bxc4 Nd5 14. Bxe7 Ncxe7
15. O-O Bd7 16. Bxd5 Nxd5 17. Nxd5 exd5 18. b3 Re8 19. Qd3 Bg4 20. Rde1 Bxf3
21. Qxf3 Qd7 22. g3 Rac8 23. Rxe8+ Rxe8 24. Rc1 Re4 25. Rd1 Qe6 26. Kg2 Re2 27.
Rd3 Re4 28. Rd1 Re2 29. Rd3 1/2-1/2

[Event " Open A"]
[Site "Kowalewo Pomorskie"]
[Date "2009.07.08"]
[Round "7.4"]
[White "Jaroch, Pawel"]
[Black "Brzeski, Maciej"]
[Result "1-0"]
[WhiteElo "2243"]
[BlackElo "2361"]
[PlyCount "85"]
[EventDate "2009.??.??"]

1. d4 c5 2. c3 Nf6 3. Nf3 d5 4. e3 e6 5. Nbd2 Bd6 6. Bd3 O-O 7. O-O Nbd7 8. b3
e5 9. dxe5 Nxe5 10. Nxe5 Bxe5 11. Bb2 Bg4 12. Be2 Qd7 13. Bxg4 Qxg4 14. Qxg4
Nxg4 15. h3 Nh6 16. Nf3 Bc7 17. c4 dxc4 18. bxc4 Nf5 19. Rfd1 Rfd8 20. Kf1 f6
21. Ke2 Kf7 22. Rab1 Rxd1 23. Rxd1 Nd6 24. Rd5 b6 25. Nd2 Ke6 26. e4 g6 27.
Bxf6 Kxf6 28. e5+ Ke6 29. exd6 Bxd6 30. Ne4 Be7 31. f4 Rc8 32. g4 Rf8 33. Ke3
Rf7 34. a4 Rf8 35. Re5+ Kf7 36. f5 Rg8 37. Rd5 gxf5 38. gxf5 Bg5+ 39. Kf3 Ke7
40. Re5+ Kf7 41. Nd6+ Kg7 42. Re8 Rxe8 43. Nxe8+ 1-0

[Event " Open A"]
[Site "Kowalewo Pomorskie"]
[Date "2009.07.08"]
[Round "7.5"]
[White "Zurkowski, Andrzej"]
[Black "Kuchnio, Przemyslaw"]
[Result "1-0"]
[WhiteElo "2150"]
[BlackElo "2093"]
[PlyCount "103"]
[EventDate "2009.??.??"]

1. d4 d5 2. c4 Nc6 3. Nf3 Bg4 4. e3 e5 5. dxe5 d4 6. Be2 Bb4+ 7. Bd2 d3 8. Bxb4
dxe2 9. Qxd8+ Rxd8 10. Bd2 Bxf3 11. gxf3 Nxe5 12. Kxe2 Nxc4 13. Bc3 f6 14. b3
Nd6 15. Rd1 Nh6 16. Nd2 O-O 17. Rac1 Nhf7 18. Bb4 Rd7 19. Ne4 b6 20. Nxd6 Nxd6
21. Bxd6 cxd6 22. Rd5 Kf7 23. Kd3 Ke6 24. Kd4 Rff7 25. Rc6 g6 26. e4 Rf8 27. f4
Ke7 28. h4 h6 29. a4 Rg8 30. Rc3 Kf7 31. b4 Rb8 32. Rc6 Rbd8 33. a5 bxa5 34.
bxa5 Ke7 35. Rb5 Rg8 36. a6 g5 37. fxg5 hxg5 38. hxg5 fxg5 39. Rc3 Ke6 40. Rh3
Rg6 41. Rh8 Rf7 42. Rb7 g4 43. Ra8 g3 44. fxg3 Rxg3 45. Raxa7 Rf8 46. Rh7 Rg1
47. Rh6+ Rf6 48. Rxf6+ Kxf6 49. Kd5 Rd1+ 50. Kc6 Ke6 51. Rh7 Ra1 52. a7 1-0

[Event " Open A"]
[Site "Kowalewo Pomorskie"]
[Date "2009.07.08"]
[Round "7.6"]
[White "Jaroch, Karol"]
[Black "Budrewicz, Krzysztof"]
[Result "0-1"]
[WhiteElo "2243"]
[BlackElo "2374"]
[PlyCount "32"]
[EventDate "2009.??.??"]

1. e4 d5 2. exd5 Nf6 3. d4 Nxd5 4. c4 Nb6 5. Nc3 g6 6. Nf3 Bg7 7. c5 Nd5 8. Bc4
c6 9. Qb3 O-O 10. h3 Nxc3 11. bxc3 b5 12. Bd3 Be6 13. Qc2 Nd7 14. O-O Bd5 15.
Qe2 e5 16. Bg5 Bxf3 0-1

[Event " Open A"]
[Site "Kowalewo Pomorskie"]
[Date "2009.07.08"]
[Round "7.7"]
[White "Banasik, Krzysztof"]
[Black "Wisniewski, Adam"]
[Result "1-0"]
[WhiteElo "2300"]
[BlackElo "2105"]
[PlyCount "67"]
[EventDate "2009.??.??"]

1. e4 e6 2. d4 d5 3. Nd2 c5 4. exd5 Qxd5 5. Ngf3 cxd4 6. Bc4 Qd6 7. O-O Nf6 8.
Nb3 Nc6 9. Nbxd4 Nxd4 10. Nxd4 Bd7 11. b3 O-O-O 12. Be3 Qc7 13. Qe2 h5 14. h3
Bc5 15. Rfd1 Bb6 16. Bb5 Kb8 17. Bxd7 Rxd7 18. Qf3 Bxd4 19. Bxd4 Rhd8 20. Bxf6
Rxd1+ 21. Rxd1 Rxd1+ 22. Qxd1 gxf6 23. Qxh5 Qxc2 24. Qh8+ Kc7 25. Qxf6 Qh7 26.
h4 Kd6 27. Kh2 b6 28. Qg5 Qc2 29. h5 Qxf2 30. h6 Kd7 31. h7 Qd4 32. Qh5 Qf4+
33. Kh3 Qf1 34. h8=Q 1-0

[Event " Open A"]
[Site "Kowalewo Pomorskie"]
[Date "2009.07.08"]
[Round "7.8"]
[White "Sankiewicz, Grzegorz"]
[Black "Maciejewski, Miroslaw"]
[Result "0-1"]
[WhiteElo "1944"]
[BlackElo "2296"]
[PlyCount "70"]
[EventDate "2009.??.??"]

1. d4 Nf6 2. Nf3 g6 3. g3 Bg7 4. Bg2 O-O 5. O-O d6 6. c4 Nc6 7. Nc3 Bg4 8. e4
e5 9. d5 Nd4 10. Qd3 Bxf3 11. Bxf3 Nd7 12. Bg2 f5 13. f4 exf4 14. Bxf4 Ne5 15.
Bxe5 Bxe5 16. exf5 Nxf5 17. Rf3 c6 18. Raf1 Qb6+ 19. Kh1 Qxb2 20. Rb1 Qa3 21.
dxc6 bxc6 22. Rb3 Qc1+ 23. Rf1 Qh6 24. Ne2 Ne7 25. Rbb1 Rxf1+ 26. Rxf1 Rf8 27.
Rxf8+ Kxf8 28. Qf3+ Kg7 29. Qd3 Qg5 30. Be4 a5 31. Kg2 Qf6 32. Ng1 Qe6 33. Nf3
d5 34. Bxd5 cxd5 35. Qe3 Nc6 0-1

[Event " Open A"]
[Site "Kowalewo Pomorskie"]
[Date "2009.07.08"]
[Round "7.9"]
[White "Rogala, Robert"]
[Black "Kubicki, Marek"]
[Result "1-0"]
[WhiteElo "2032"]
[BlackElo "2152"]
[PlyCount "55"]
[EventDate "2009.??.??"]

1. d4 c5 2. d5 e5 3. e4 d6 4. c4 g6 5. Bd3 Bg7 6. Ne2 f5 7. exf5 gxf5 8. Ng3 e4
9. Qh5+ Kf8 10. Bc2 Qe8 11. O-O Qxh5 12. Nxh5 Nf6 13. Nxg7 Kxg7 14. Nc3 a6 15.
Bf4 Rd8 16. Na4 b5 17. Nb6 Ra7 18. Nxc8 Rxc8 19. b3 Rd7 20. f3 Re8 21. Rae1 Kg6
22. g4 fxg4 23. fxe4 Kg7 24. e5 dxe5 25. Rxe5 Rf8 26. Rg5+ Kf7 27. Rf5 Kg7 28.
Bxb8 1-0

[Event " Open A"]
[Site "Kowalewo Pomorskie"]
[Date "2009.07.08"]
[Round "7.10"]
[White "Bernacki, Krzysztof"]
[Black "Flazinski, Jozef"]
[Result "1-0"]
[WhiteElo "2074"]
[BlackElo "2009"]
[PlyCount "49"]
[EventDate "2009.??.??"]

1. e4 c5 2. Nf3 a6 3. c3 d5 4. exd5 Qxd5 5. d4 Bg4 6. dxc5 Qxd1+ 7. Kxd1 Bxf3+
8. gxf3 e6 9. b4 Nc6 10. Kc2 Nf6 11. Be2 g6 12. Na3 Nd5 13. Bc4 Ndxb4+ 14. cxb4
Nxb4+ 15. Kb3 Bxc5 16. Be3 Be7 17. Rac1 b5 18. Be2 Nd5 19. Rhd1 Bd6 20. Rc6 Kd7
21. Rdc1 Bxh2 22. Rxa6 b4 23. Bb5+ Ke7 24. Bc5+ Kf6 25. Nc4 1-0

[Event " Open A"]
[Site "Kowalewo Pomorskie"]
[Date "2009.07.08"]
[Round "7.11"]
[White "Klugiewicz, Jozef"]
[Black "Kaczmarek, Piotr"]
[Result "1-0"]
[WhiteElo "1977"]
[BlackElo "1897"]
[PlyCount "67"]
[EventDate "2009.??.??"]

1. Nf3 d5 2. g3 Nf6 3. Bg2 e6 4. O-O c5 5. b3 Nc6 6. Bb2 Be7 7. e3 O-O 8. d3 b6
9. c4 Bb7 10. Qe2 Qc7 11. Nc3 a6 12. Rac1 dxc4 13. bxc4 Rfd8 14. Ne1 Rd7 15. f4
Rad8 16. a3 e5 17. Nd5 Nxd5 18. cxd5 Na5 19. Bxe5 Bd6 20. Bb2 b5 21. e4 Bf8 22.
Nf3 c4 23. Ne5 Qb6+ 24. Kh1 Re7 25. dxc4 f6 26. Nf3 Nxc4 27. a4 Rc8 28. Bd4 Qa5
29. axb5 axb5 30. Bh3 Rd8 31. Be6+ Kh8 32. Nh4 Ba6 33. Ng6+ hxg6 34. Qg2 1-0

[Event "Miedzynarodowy Turniej Szachowy Kowalewo"]
[Site "Kowalewo Pomorskie"]
[Date "2009.07.09"]
[Round "8.1"]
[White "Borgula, Rafal"]
[Black "Grabarczyk, Miroslaw"]
[Result "1/2-1/2"]
[WhiteElo "2283"]
[BlackElo "2480"]
[PlyCount "89"]
[EventDate "2009.??.??"]

1. d4 d5 2. c4 e6 3. Nc3 Nf6 4. Nf3 Be7 5. Bf4 O-O 6. e3 Nbd7 7. cxd5 Nxd5 8.
Nxd5 exd5 9. a3 c6 10. Bd3 Re8 11. O-O Nf8 12. h3 Ng6 13. Bh2 Bd6 14. Bxd6 Qxd6
15. Re1 Qf6 16. b4 Bf5 17. Bxf5 Qxf5 18. Qb1 Qxb1 19. Rexb1 Rec8 20. Kf1 Ne7
21. a4 Nf5 22. Nd2 Nd6 23. Nb3 Kf8 24. Ke2 Ke7 25. Rc1 Kd7 26. Ra2 Nc4 27. Nd2
Nxd2 28. Kxd2 a5 29. Rb2 axb4 30. Rxb4 Kc7 31. Rcb1 Ra7 32. R1b2 Rb8 33. Kd3 b6
34. Kd2 Ra6 35. Kd3 Re8 36. Rb1 Re6 37. Ke2 h5 38. g3 g5 39. Rc1 Re4 40. f3 Re6
41. Kf2 f5 42. h4 gxh4 43. gxh4 Rg6 44. Rcb1 Rg8 45. R1b2 1/2-1/2

[Event "Miedzynarodowy Turniej Szachowy Kowalewo"]
[Site "Kowalewo Pomorskie"]
[Date "2009.07.09"]
[Round "8.2"]
[White "Brodowski, Piotr"]
[Black "Jaroch, Pawel"]
[Result "1-0"]
[WhiteElo "2397"]
[BlackElo "2243"]
[PlyCount "79"]
[EventDate "2009.??.??"]

1. c4 Nf6 2. Nc3 g6 3. g3 Bg7 4. Bg2 O-O 5. d4 d6 6. Nf3 Nc6 7. O-O a6 8. h3
Bd7 9. Be3 h6 10. Rc1 Rb8 11. Qd2 Kh7 12. b3 e5 13. dxe5 dxe5 14. Rfd1 Be6 15.
Qe1 Qc8 16. Kh2 Rd8 17. Rxd8 Qxd8 18. Rd1 Nd7 19. Qd2 f5 20. Nd5 Nf6 21. Qc1 e4
22. Nb4 Qe8 23. Nxc6 exf3 24. Nxb8 fxg2 25. Ba7 Ne4 26. Qf4 Qc8 27. Kxg2 Nd6
28. Qe3 g5 29. Qd3 Qe8 30. a4 Kg6 31. f3 Kf7 32. Nd7 h5 33. Bf2 g4 34. hxg4
hxg4 35. Nc5 Bc8 36. Qd5+ Kg6 37. Nd3 b6 38. Nf4+ Kg5 39. Qd2 Kf6 40. Qe3 1-0

[Event "Miedzynarodowy Turniej Szachowy Kowalewo"]
[Site "Kowalewo Pomorskie"]
[Date "2009.07.09"]
[Round "8.3"]
[White "Rutkowski, Maciej"]
[Black "Plichta, Kamil"]
[Result "1-0"]
[WhiteElo "2336"]
[BlackElo "2039"]
[PlyCount "57"]
[EventDate "2009.??.??"]

1. d4 Nf6 2. Nf3 g6 3. c4 Bg7 4. Nc3 d6 5. Bg5 O-O 6. e3 c6 7. Be2 a6 8. O-O b5
9. Nd2 Nbd7 10. Rc1 bxc4 11. Nxc4 c5 12. Bf3 Rb8 13. a3 Bb7 14. Bxb7 Rxb7 15.
dxc5 Nxc5 16. b4 Ne6 17. Bxf6 Bxf6 18. Na5 Rd7 19. Nd5 Bg7 20. Nc6 Qe8 21. Qe2
Nd8 22. Qxa6 Nxc6 23. Rxc6 e6 24. Nc7 Qc8 25. Rfc1 Bb2 26. R1c2 Qxa6 27. Nxa6
Bxa3 28. R6c3 Bxb4 29. Nxb4 1-0

[Event "Miedzynarodowy Turniej Szachowy Kowalewo"]
[Site "Kowalewo Pomorskie"]
[Date "2009.07.09"]
[Round "8.4"]
[White "Budrewicz, Krzysztof"]
[Black "Mikrut, Dariusz"]
[Result "0-1"]
[WhiteElo "2374"]
[BlackElo "2400"]
[PlyCount "50"]
[EventDate "2009.??.??"]

1. d4 g6 2. c4 Bg7 3. Nc3 d6 4. e4 Nf6 5. Be2 O-O 6. Bg5 Na6 7. Qd2 Qe8 8. h4
e5 9. d5 Nc5 10. f3 Nh5 11. b4 Na6 12. a3 f5 13. Be3 Nb8 14. Bd1 a5 15. Ba4 Bd7
16. b5 b6 17. Nge2 Bc8 18. Bc2 Nf4 19. Rg1 Qe7 20. g3 Nh3 21. O-O-O f4 22. gxf4
exf4 23. Bd4 Nxg1 24. Rxg1 Nd7 25. e5 Nxe5 0-1

[Event "Miedzynarodowy Turniej Szachowy Kowalewo"]
[Site "Kowalewo Pomorskie"]
[Date "2009.07.09"]
[Round "8.5"]
[White "Zurkowski, Andrzej"]
[Black "Banasik, Krzysztof"]
[Result "1/2-1/2"]
[WhiteElo "2150"]
[BlackElo "2300"]
[PlyCount "27"]
[EventDate "2009.??.??"]

1. d4 Nf6 2. Nf3 g6 3. c4 Bg7 4. Nc3 O-O 5. g3 d6 6. Bg2 Nc6 7. O-O e5 8. dxe5
dxe5 9. Nd5 Ne7 10. Ne3 Nc6 11. Nd5 Ne7 12. Ne3 Nc6 13. Nd5 Ne7 14. Ne3 1/2-1/2

[Event "Miedzynarodowy Turniej Szachowy Kowalewo"]
[Site "Kowalewo Pomorskie"]
[Date "2009.07.09"]
[Round "8.6"]
[White "Maciejewski, Miroslaw"]
[Black "Brzeski, Maciej"]
[Result "0-1"]
[WhiteElo "2296"]
[BlackElo "2361"]
[PlyCount "76"]
[EventDate "2009.??.??"]

1. Nf3 g6 2. e4 c5 3. d4 cxd4 4. Nxd4 Nc6 5. c4 d6 6. Nc3 Nf6 7. Be2 Nxd4 8.
Qxd4 Bg7 9. Bg5 O-O 10. Qd2 Be6 11. Rc1 a6 12. f3 b5 13. cxb5 axb5 14. a3 d5
15. e5 Nd7 16. Nxd5 Bxd5 17. Qxd5 Nxe5 18. Qxd8 Rfxd8 19. Bxb5 Rab8 20. a4 Nd3+
21. Ke2 Nxc1+ 22. Bxc1 Rbc8 23. Bd3 Rb8 24. Bb5 Rbc8 25. Bd3 Rd4 26. a5 Rb4 27.
a6 Bxb2 28. Bd2 Ra4 29. Be3 Ra2 30. f4 Bc1+ 31. Kf3 Bxe3 32. Kxe3 Rc3 33. Kd4
Rca3 34. Bc4 Rxg2 35. Kc5 Rc2 36. Kb4 Rxc4+ 37. Kxc4 Rxa6 38. Kd4 Re6 0-1

[Event "Miedzynarodowy Turniej Szachowy Kowalewo"]
[Site "Kowalewo Pomorskie"]
[Date "2009.07.09"]
[Round "8.7"]
[White "Kuchnio, Przemyslaw"]
[Black "Jaroch, Karol"]
[Result "1/2-1/2"]
[WhiteElo "2093"]
[BlackElo "2243"]
[PlyCount "68"]
[EventDate "2009.??.??"]

1. c4 Nf6 2. Nc3 g6 3. e4 d6 4. d4 Bg7 5. Be2 O-O 6. g4 e5 7. g5 Nfd7 8. d5 a5
9. h4 Nc5 10. Be3 Nba6 11. Qd2 f5 12. gxf6 Qxf6 13. O-O-O h5 14. Nh3 Nb4 15.
Kb1 Bxh3 16. Rxh3 Nxe4 17. Nxe4 Qf5 18. Rg3 Qxe4+ 19. Ka1 Rf6 20. Rdg1 Raf8 21.
Rc1 Ra8 22. a3 c6 23. dxc6 Qxc6 24. Bxh5 gxh5 25. Bh6 Rf7 26. Rcg1 Qxc4 27. b3
Qd4+ 28. Qxd4 Nc2+ 29. Kb2 Nxd4 30. Rxg7+ Rxg7 31. Rxg7+ Kh8 32. Rxb7 Rc8 33.
Be3 Nf5 34. Bg5 Nd4 1/2-1/2

[Event "Miedzynarodowy Turniej Szachowy Kowalewo"]
[Site "Kowalewo Pomorskie"]
[Date "2009.07.09"]
[Round "8.8"]
[White "Wisniewski, Adam"]
[Black "Rogala, Robert"]
[Result "1/2-1/2"]
[WhiteElo "2105"]
[BlackElo "2032"]
[PlyCount "98"]
[EventDate "2009.??.??"]

1. e4 c6 2. c4 d6 3. d4 e5 4. Nf3 Nd7 5. Nc3 Ngf6 6. Be2 Be7 7. O-O O-O 8. b3
Qc7 9. Bb2 Rd8 10. Qc2 Nf8 11. Rad1 Ng6 12. Rfe1 Nf4 13. dxe5 dxe5 14. Na4 Rxd1
15. Rxd1 Nxe2+ 16. Qxe2 Bg4 17. h3 Bxf3 18. Qxf3 Ne8 19. Qf5 Rd8 20. Rxd8 Qxd8
21. Bxe5 f6 22. Qe6+ Kf8 23. Bf4 Qd1+ 24. Kh2 Qe2 25. Be3 b6 26. Qxc6 Qxa2 27.
c5 Qxb3 28. cxb6 axb6 29. Nxb6 Bd6+ 30. g3 Qe6 31. Bf4 g5 32. Bxd6+ Qxd6 33.
Qxd6+ Nxd6 34. f3 Kf7 35. h4 g4 36. Kg2 h5 37. Nd5 gxf3+ 38. Kxf3 Nc4 39. Ke2
Kg6 40. Nf4+ Kh6 41. Kd3 Ne5+ 42. Kd4 Nf3+ 43. Ke3 Ne5 44. Nd3 Nc4+ 45. Kf4 Kg7
46. Nf2 Kg6 47. Nd3 Kg7 48. e5 fxe5+ 49. Nxe5 Nd2 1/2-1/2

[Event "Miedzynarodowy Turniej Szachowy Kowalewo"]
[Site "Kowalewo Pomorskie"]
[Date "2009.07.09"]
[Round "8.9"]
[White "Klugiewicz, Jozef"]
[Black "Bernacki, Krzysztof"]
[Result "0-1"]
[WhiteElo "1977"]
[BlackElo "2074"]
[PlyCount "41"]
[EventDate "2009.??.??"]

1. Nf3 f5 2. e4 fxe4 3. Ng5 Nf6 4. d3 e5 5. Nc3 h6 6. Ngxe4 Bb4 7. Be2 O-O 8.
O-O d5 9. Ng3 c6 10. a3 Bd6 11. b4 Qc7 12. Bf3 Be6 13. Qe2 Nbd7 14. Nd1 Rae8
15. Ne3 e4 16. Bh5 exd3 17. Qxd3 Nxh5 18. Nxh5 Bxh2+ 19. Kh1 Be5 20. c3 Nf6 21.
Nxf6+ 0-1

[Event "Miedzynarodowy Turniej Szachowy Kowalewo"]
[Site "Kowalewo Pomorskie"]
[Date "2009.07.09"]
[Round "8.10"]
[White "Choroszej, Aleksander"]
[Black "Sankiewicz, Grzegorz"]
[Result "1-0"]
[WhiteElo "2067"]
[BlackElo "1944"]
[PlyCount "73"]
[EventDate "2009.??.??"]

1. d4 d5 2. c4 c6 3. Nf3 Nf6 4. Nc3 Nbd7 5. e3 e6 6. Qc2 Be7 7. g4 h6 8. Bd2
dxc4 9. Bxc4 Nb6 10. Be2 Bb4 11. Rg1 Bxc3 12. bxc3 g6 13. g5 hxg5 14. Nxg5 Qe7
15. Nf3 Bd7 16. e4 Nh7 17. e5 O-O-O 18. Ng5 Rdg8 19. Ne4 f5 20. exf6 Nxf6 21.
Bg5 Nbd5 22. Bc4 Qf8 23. Nc5 b6 24. Qa4 a5 25. Ba6+ Kc7 26. c4 Ne7 27. Bf4+ Kd8
28. Nb7+ Ke8 29. Nd6+ Kd8 30. Qb3 b5 31. Qa3 a4 32. Qb4 Nf5 33. cxb5 g5 34. Be5
Rh5 35. bxc6 Bxc6 36. Qb8+ Kd7 37. Qa7+ 1-0

[Event "Miedzynarodowy Turniej Szachowy Kowalewo"]
[Site "Kowalewo Pomorskie"]
[Date "2009.07.09"]
[Round "8.11"]
[White "Kaczmarek, Piotr"]
[Black "Flazinski, Jozef"]
[Result "1/2-1/2"]
[WhiteElo "1897"]
[BlackElo "2009"]
[PlyCount "81"]
[EventDate "2009.??.??"]

1. e4 c5 2. Nc3 Nc6 3. g3 g6 4. Bg2 Bg7 5. d3 e6 6. Be3 d6 7. Qd2 Nf6 8. h3 Nd4
9. Nce2 Nxe2 10. Nxe2 Bd7 11. c3 Bc6 12. g4 O-O 13. f4 Qa5 14. O-O c4 15. Ng3
cxd3 16. Qxd3 d5 17. e5 Ne4 18. Nxe4 Bb5 19. Qc2 dxe4 20. Rfe1 Bd3 21. Qb3 Qc7
22. Bf2 Qc6 23. Qb4 a5 24. Qb6 Qd5 25. Qe3 Qb5 26. b3 a4 27. Qc5 axb3 28. Qxb5
Bxb5 29. axb3 f5 30. exf6 Rxa1 31. Rxa1 Bxf6 32. Bxe4 Bxc3 33. Rc1 Bb2 34. Rc2
Rxf4 35. Bxb7 Bd4 36. Bxd4 Rxd4 37. Rc7 Rd3 38. Bc8 Rxh3 39. Bxe6+ Kf8 40. Kf2
Ke8 41. g5 1/2-1/2

[Event "Miedzynarodowy Turniej Szachowy Kowalewo"]
[Site "Kowalewo Pomorskie"]
[Date "2009.07.10"]
[Round "9.1"]
[White "Brodowski, Piotr"]
[Black "Rutkowski, Maciej"]
[Result "1/2-1/2"]
[WhiteElo "2397"]
[BlackElo "2336"]
[PlyCount "22"]
[EventDate "2009.??.??"]

1. d4 d5 2. c4 c6 3. Nf3 Nf6 4. Nc3 a6 5. c5 Nbd7 6. Bf4 Nh5 7. Bd2 Nhf6 8. Bf4
Nh5 9. Bd2 Nhf6 10. Bf4 Nh5 11. Bd2 Nhf6 1/2-1/2

[Event "Miedzynarodowy Turniej Szachowy Kowalewo"]
[Site "Kowalewo Pomorskie"]
[Date "2009.07.10"]
[Round "9.2"]
[White "Grabarczyk, Miroslaw"]
[Black "Mikrut, Dariusz"]
[Result "1/2-1/2"]
[WhiteElo "2480"]
[BlackElo "2400"]
[PlyCount "60"]
[EventDate "2009.??.??"]

1. d4 d5 2. c4 c6 3. cxd5 cxd5 4. Nc3 Nf6 5. Nf3 Nc6 6. Bf4 Bf5 7. e3 e6 8. Bd3
Bxd3 9. Qxd3 Bd6 10. Bxd6 Qxd6 11. O-O O-O 12. Rfc1 Rfc8 13. h3 h6 14. a3 a6
15. Rc2 Rc7 16. Rac1 Rac8 17. Ne2 Ne7 18. Rxc7 Rxc7 19. Rxc7 Qxc7 20. Qc3 Qxc3
21. Nxc3 Nc6 22. Kf1 Kf8 23. Ke2 Ke7 24. Kd3 Kd6 25. g3 b5 26. b3 Kc7 27. Kc2
Kd6 28. b4 Kc7 29. Kd3 Kd6 30. Kc2 Kc7 1/2-1/2

[Event "Miedzynarodowy Turniej Szachowy Kowalewo"]
[Site "Kowalewo Pomorskie"]
[Date "2009.07.10"]
[Round "9.3"]
[White "Brzeski, Maciej"]
[Black "Borgula, Rafal"]
[Result "1/2-1/2"]
[WhiteElo "2361"]
[BlackElo "2283"]
[PlyCount "25"]
[EventDate "2009.??.??"]

1. e4 e5 2. Nf3 Nc6 3. Bb5 a6 4. Ba4 Nf6 5. O-O b5 6. Bb3 Be7 7. Re1 O-O 8. c3
d6 9. h3 Re8 10. Ng5 Rf8 11. Nf3 Re8 12. Ng5 Rf8 13. Nf3 1/2-1/2

[Event "Miedzynarodowy Turniej Szachowy Kowalewo"]
[Site "Kowalewo Pomorskie"]
[Date "2009.07.10"]
[Round "9.4"]
[White "Jaroch, Pawel"]
[Black "Zurkowski, Andrzej"]
[Result "1/2-1/2"]
[WhiteElo "2243"]
[BlackElo "2150"]
[PlyCount "61"]
[EventDate "2009.??.??"]

1. e4 e6 2. d4 d5 3. exd5 exd5 4. Nf3 Bd6 5. Bd3 Nf6 6. Qe2+ Qe7 7. Qxe7+ Bxe7
8. O-O O-O 9. Bg5 h6 10. Bh4 Be6 11. Nbd2 Nbd7 12. Rfe1 Rfe8 13. c3 Bd6 14. Bg3
Bxg3 15. hxg3 Bg4 16. Rxe8+ Rxe8 17. Re1 Rxe1+ 18. Nxe1 c6 19. Nef3 Bh5 20. Kf1
Bg6 21. Ke2 Bxd3+ 22. Kxd3 Kf8 23. a4 Ke7 24. b3 Kd6 25. Ne1 g6 26. f3 b6 27.
g4 a5 28. Nc2 Ne8 29. Ke3 Nc7 30. Kf4 Ne6+ 31. Ke3 1/2-1/2